| 000 | 00641nam a22001697a 4500 | ||
|---|---|---|---|
| 003 | OSt | ||
| 005 | 20180321143747.0 | ||
| 008 | 170515b xxu||||| |||| 00| 0 eng d | ||
| 040 | _cCRI | ||
| 082 | _a378.7284 | ||
| 110 | 1 |
_97383 _aEl Salvador _bMinisterio de Educación |
|
| 245 |
_aResultados de la información estadística de instituciones de educación superior 2015 _cMinisterio de Educación República de El Salvador: Dirección Nacional de Educación Superior |
||
| 260 |
_aSan Salvador _bMINED _c2016 |
||
| 300 |
_a165 p. _bgraf, tabs. _c28 cm. |
||
| 650 | 0 |
_918781 _aEducación superior _zEl Salvador |
|
| 942 |
_2ddc _cBK _hprozim |
||
| 999 |
_c27720 _d27720 |
||